Fertilization in higher plants: molecular and cytological aspects
Wedi'i Gadw mewn:
| Prif Awduron: | , , |
|---|---|
| Fformat: | Llyfr |
| Iaith: | Saesneg |
| Cyhoeddwyd: |
Berlín
Springer-Verlag
1999
|
| Pynciau: | |
| Tagiau: |
Ychwanegu Tag
Dim Tagiau, Byddwch y cyntaf i dagio'r cofnod hwn!
|
MARC
| LEADER | 00000nam a2200000 a 4500 | ||
|---|---|---|---|
| 001 | UCN5210 | ||
| 003 | CL-VaPUC | ||
| 008 | 010824e19990000GW |||||||||||||||||eng|d | ||
| 082 | 0 | 4 | |a 571.8642 |b CRE |2 21 |
| 100 | |a Cresti, Mauro |e author |9 466785 | ||
| 700 | 0 | |a Cai, G |e author |9 461251 | |
| 700 | 0 | |a Moscatelli, A |e author |9 461252 | |
| 245 | 1 | 0 | |a Fertilization in higher plants: molecular and cytological aspects |
| 300 | |a 447 p | ||
| 942 | |c BK | ||
| 945 | |d 20010824 00:00:00 |a cmena | ||
| 260 | |a Berlín |b Springer-Verlag |c 1999 | ||
| 650 | 7 | |a FERTILIZACION DE PLANTAS |2 CL-VaPUC |9 461253 | |
| 650 | 0 | |a Angiospermas |x Aspectos moleculares |9 461254 | |
| 650 | 0 | |a Angiospermas |x Citología |9 461255 | |
| 583 | |a last modification |c 20010824 00:00:00 |k Rodrigo Vera | ||
| 999 | |c 296867 |d 296865 | ||
| 952 | |0 0 |1 0 |4 0 |6 571_864200000000000_CRE_1999 |7 0 |8 A |9 351142 |a BIBAGR |b BIBAGR |d 2019-11-21 |i 3749738 |o 571.8642 CRE 1999 |p 3749738 |r 2025-01-20 |w 2019-11-21 |y BK |k AGR | ||